00285nam a2200085Ia 4500008004100000245009200041260001600133500002400149650002600173160908s9999 xx 000 0 und d aCompilation of Course Syllabi - College of Psychology : First Semester A.Y. 2016-2017 / bSISC.c2016 aPsychology Syllabi. aSyllabi - Psychology.